000 03110nam a2200469 a 4500
003 CHAP
005 20250515062730.0
007 cr ||||||a|c|a
008 110120s2010 mx r 00010 spa d
035 _a111965
040 _cCHAP
090 _aTesis
100 1 _aDíaz Anguiano, Amanda Yaollin.
_933361
245 1 0 _aFortalecimiento y revaloración de la producción de maíz criollo a través de una estrategia participativa en el ejido de Tezoyuca, Estado de México:
_buna propuesta de desarrollo local
_c/por Amanda Yaollin Díaz Anguiano; director de tesis Cristóbal Santos Cervantes.
264 1 _aChapingo, Méx. :
_bEl autor,
_c2010.
300 _a1 recurso en línea (118 páginas):
_bcuadros, figuras.
336 _2rdacontent
_atexto
_btxt
337 _2rdamedia
_acomputadora
_bc
338 _2rdacarrier
_arecursos en línea
_bcr
502 _bMCDRR
_cDCRU
_d2010.
_gMAE
520 _aEl objetivo de la investigación fue, comprender la importancia de la producción de maíz criollo en las estrategias de vida de los ejidatarios de Tezoyuca, Estado de México a fin de generar una propuesta participativa para fortalecer y revalorar su incidencia en procesos de desarrollo local. Obteniendo como resultado la implementación de un proyecto que permitió incrementar los rendimientos por hectárea cultivada a partir de tres elementos principales: 1) la adecuación de material genético adecuado a las condiciones físicas y ambientales con las que cuentan los productores; 2) adecuación la tecnología para la realización de las labores culturales, buscando la reducción de costos de producción y 3) el establecimiento de módulos de transformación de basura orgánica en fertilizantes orgánicos. Con la estrategia que se trabajó se elevaron los rendimientos, se concientizó a los ejidatarios sobre las ventajas de la producción de maíz criollo, destacando su adaptabilidad en condiciones climáticas adversas, así como la oportunidad de seguir produciendo maíz criollo a partir de la selección de semilla que ellos realicen a partir del material genético que se obtuvo en el ciclo agrícola 2010.
590 _aALEPH
_b10
_c20130110
590 _aBATCH-UPD
_b10
_c20130110
590 _aBATCH-UPD
_b10
_c20130410
590 _aBATCH-UPD
_b10
_c20130914
590 _aBATCH-UPD
_b10
_c20140324
590 _aBATCH-UPD
_b10
_c20141002
590 _aCONVERSION
_b10
_c20130109
650 1 4 _aDesarrollo de la comunidad rural
_zMéxico (Edo.).
_932042
650 1 7 _aMaíz
_xCostos de producción
_2
_970915
650 1 4 _aMaíz
_xGenética.
_970963
650 1 4 _aMaíz
_xRendimiento.
_971051
650 1 4 _aTransferencia de tecnología.
_9114619
700 1 _aSantos Cervantes, Cristóbal
_9102458
_eDirector de tesis.
856 _uhttp://10.13.5.2/tesis/111965.pdf
_zDESCARGAR PDF
901 _aBK
942 _cTD
_2Clasificación Universidad Autónoma Chapingo
949 _aTesis
_bBC
_cTES
_d33724002220298
_eTS2
_fc.2
_gDonaciØn
_h51791
_i111965
_sb
949 _aTesis
_bBC
_cTES
_d33724002220363
_eTS1
_gDonaciØn
_h51790
_i111965
_sb
999 _c100306
_d100306